Fundamentos de financiación empresarial
Guardat en:
| Autors principals: | , |
|---|---|
| Format: | Llibre |
| Idioma: | espanyol |
| Publicat: |
Madrid
McGraw-Hill
1993
|
| Edició: | 2a. ed |
| Matèries: | |
| Etiquetes: |
Afegir etiqueta
Sense etiquetes, Sigues el primer a etiquetar aquest registre!
|
MARC
| LEADER | 00000cam a2200000 a 4500 | ||
|---|---|---|---|
| 001 | UCY5540 | ||
| 003 | CL-VaPUC | ||
| 008 | 950511e19930000SP |||||||||||||||||spa|d | ||
| 082 | 0 | 4 | |a 658.15 |b BRE |2 21 |
| 100 | 0 | |a Brealey, Richard A |e author |9 334408 | |
| 700 | 0 | |a Myers, Stewart C |e author |9 334409 | |
| 245 | 1 | 0 | |a Fundamentos de financiación empresarial |
| 250 | |a 2a. ed | ||
| 300 | |a 1203 p | ||
| 942 | |c BK | ||
| 945 | |d 19950511 00:00:00 |a rbrito | ||
| 260 | |a Madrid |b McGraw-Hill |c 1993 | ||
| 650 | 0 | |a Finanzas |9 260832 | |
| 650 | 0 | |a Capital |9 263726 | |
| 650 | 0 | |a Acciones |9 334173 | |
| 650 | 7 | |a BOLSA |2 CL-VaPUC |9 334410 | |
| 650 | 7 | |a ESTRUCTURA DE CAPITAL |2 CL-VaPUC |9 334411 | |
| 650 | 7 | |a INVERSION EMPRESARIAL |2 CL-VaPUC |9 334412 | |
| 650 | 7 | |a LEASING |2 CL-VaPUC |9 257941 | |
| 650 | 0 | |a Planificación financiera |9 334413 | |
| 583 | |a last modification |c 20131021 05:06:05 |k Rodrigo Vera | ||
| 999 | |c 233185 |d 233183 | ||
| 952 | |0 0 |1 0 |4 0 |6 658_150000000000000_BRE_1993 |7 0 |8 A |9 238489 |a BIBENE |b BIBENE |d 2019-11-18 |i 308244K |o 658.15 BRE 1993 |p 308244K |r 2025-01-15 |w 2019-11-18 |y BK |k ICO | ||
| 952 | |0 0 |1 0 |4 0 |6 658_150000000000000_BRE_1993 |7 0 |8 A |9 238490 |a BIBGIM |b BIBGIM |d 2019-11-18 |i 3090892 |o 658.15 BRE 1993 |p 3090892 |r 2025-01-15 |w 2019-11-18 |y BK |k COM | ||
| 952 | |0 0 |1 0 |4 0 |6 658_150000000000000_BRE_1993 |7 0 |8 A |9 238491 |a BIBING |b BIBING |d 2019-11-18 |i 326100K |o 658.15 BRE 1993 |p 326100K |r 2023-03-02 |w 2019-11-18 |y BK |k EII | ||
| 952 | |0 0 |1 0 |4 0 |6 658_150000000000000_BRE_1993 |7 0 |8 A |9 238492 |a BIBGIM |b BIBGIM |d 2019-11-18 |i 2958422 |o 658.15 BRE 1993 |p 2958422 |r 2025-01-15 |w 2019-11-18 |y BK |k COM | ||
| 952 | |0 0 |1 0 |4 0 |6 658_150000000000000_BRE_1993 |7 0 |8 A |9 238493 |a BIBENE |b BIBENE |d 2019-11-18 |i 3034739 |o 658.15 BRE 1993 |p 3034739 |r 2025-01-15 |w 2019-11-18 |y BK |k ICO | ||
| 952 | |0 0 |1 0 |4 0 |6 658_150000000000000_BRE_1993 |7 0 |8 A |9 238494 |a BIBGIM |b BIBGIM |d 2019-11-18 |i 3432211 |o 658.15 BRE 1993 |p 3432211 |r 2025-01-15 |w 2019-11-18 |y BK |k GIM | ||
| 952 | |0 0 |1 0 |4 0 |6 658_150000000000000_BRE_1993 |7 0 |8 A |9 238495 |a BIBGIM |b BIBGIM |d 2019-11-18 |i 343222K |o 658.15 BRE 1993 |p 343222K |r 2025-01-15 |w 2019-11-18 |y BK |k GIM | ||
| 952 | |0 0 |1 0 |4 0 |6 658_150000000000000_BRE_1993 |7 0 |8 A |9 238496 |a BIBGIM |b BIBGIM |d 2019-11-18 |i 3547930 |o 658.15 BRE 1993 |p 3547930 |r 2025-01-15 |w 2019-11-18 |y BK |k GIM | ||
| 952 | |0 0 |1 0 |3 erb |4 0 |6 658_150000000000000_BRE_1993 |7 0 |8 A |9 238497 |a BIBING |b BIBING |d 2019-11-18 |i 5024617 |o 658.15 BRE 1993 |p 5024617 |r 2025-01-20 |w 2019-11-18 |y BK |z Catalogado en:20131025 |k EII | ||
| 952 | |0 0 |1 0 |3 erb |4 0 |6 658_150000000000000_BRE_1993 |7 0 |8 A |9 238498 |a BIBING |b BIBING |i 5415462 |o 658.15 BRE 1993 |p 5415462 |r 2025-01-20 |w 2019-11-18 |y BK |z Catalogado en:20170818 |k EII | ||